Estudos de direito administrativo em homenagem ao professor Jessé Torres Pereira Junior / (Record no. 601)

MARC details
000 -LÍDER
Campo Fixo de Controle 00935nam a22002537a 4500
001 - NÚMERO DE CONTROLE
Campo de Controle 601
003 - IDENTIFICAÇÃO DO NÚMERO DE CONTROLE
Campo de Controle BR-CuiBMT
005 - DATA E HORA DA ÚLTIMA ATUALIZAÇÃO
Campo de Controle 20231114213235.0
008 - DADOS FIXOS
Dados Fixos 231110b2016 mgb 000 0 por d
020 ## - INTERNATIONAL STANDARD BOOK NUMBER
Nº do ISBN 9788545001669
040 ## - AGÊNCIA CATALOGADORA
Código da Agência Catalogadora BR-CuiBMT
Agência que transcreveu o registro BR-CuiBMT
080 ## - Nº DA CLASSIFICAÇÃO DECIMAL UNIVERSAL
Nº edição CDU 2007
Nº Class. CDU 342.9
090 ## - NÚMERO DE CHAMADA
Nº classificação 342.9
Cutter E82
245 00 - TÍTULO PRINCIPAL
Título principal Estudos de direito administrativo em homenagem ao professor Jessé Torres Pereira Junior /
Indicação de responsabilidade Alexandre Freitas Câmara , Adilson Rodrigues Pires, Thaís Boia Marçal, coordenadores ; prefácio Luiz Fernando Ribeiro Carvalho
260 ## - PUBLICAÇÃO, DISTRIBUIÇÃO, ETC.
Local de publicação Belo Horizonte :
Editora Fórum,
Data 2016.
300 ## - DESCRIÇÃO FÍSICA
N. páginas ou volumes 391 p. ;
Dimensões 22 cm
504 ## - NOTA DE BIBLIOGRAFIA, ETC.
Nota de bibliografia Inclui bibliografia.
650 ## - ASSUNTO TÓPICO
Cabeçalho tópico ou nome geográfico Direito administrativo
Subdivisão geográfica Brasil
650 ## - ASSUNTO TÓPICO
Cabeçalho tópico ou nome geográfico Administração pública
Subdivisão geral Controle judicial
Subdivisão geográfica Brasil
700 ## - ENTRADA SECUNDÁRIA -- NOME PESSOAL
Nome pessoal Câmara, Alexandre Freitas
Cód. do termo explicativo coord.
700 ## - ENTRADA SECUNDÁRIA -- NOME PESSOAL
Nome pessoal Pires, Adilson Rodrigues
Cód. do termo explicativo coord.
700 ## - ENTRADA SECUNDÁRIA -- NOME PESSOAL
Nome pessoal Marçal, Thaís Boia
Cód. do termo explicativo coord.
942 ## - ELEMENTOS DE ENTRADA ADICIONAIS (KOHA)
Fonte de classificação ou esquema de arquivamento Classificação Decimal Universal
Tipo de item do Koha Livros
Holdings
Estado: removido Estado: perdido Fonte de classificação ou esquema de arquivamento Estado: danificado Indisponível para empréstimo Localização permanente Localização atual Data de aquisição Total Checkouts Número de Chamada completo Código de barras Date last seen Número do exemplar Preço efetivo a partir de Tipo de item (Koha)
    Classificação Decimal Universal     Biblioteca da Escola Superior de Contas do TCE/MT Biblioteca da Escola Superior de Contas do TCE/MT 02/08/2019   342.9 E82 BIBTCEMT23110415 10/11/2023 Ex. 1 10/11/2023 Livros
    Classificação Decimal Universal     Biblioteca da Escola Superior de Contas do TCE/MT Biblioteca da Escola Superior de Contas do TCE/MT 02/08/2019   342.9 E82 BIBTCEMT23110416 10/11/2023 Ex. 2 10/11/2023 Livros

Powered by Koha